000 01501cam a2200421 4500
999 _c23321
_d23321
001 vtls011620780
005 20220928134342.0
008 200316s2017 xo gr 000 fdslo
020 _a9788089822133
_q(viazané)
035 _aurn:nbn:sk:snk-am00dia8
035 _aurn:nbn:sk:snk-am3i371
035 _aC14DAC4E-AD66-4002-96B7-D729EA34A8A2
040 _aPPPK
_bslo
_cPPPK
_dSNK
_erda
041 1 _aslo
_heng
044 _axo
_cSK
072 7 _a821.111(73)-3
_xAmerická próza
_2konspekt
080 _a821.111(73)-31
_22011
080 _a(0:82-312.9)
_22011
100 1 _aDekker, Rachelle
_4aut
_93318
240 1 4 _aThe Choosing
_lSlovensky
245 1 0 _aVyvolenie
_bak si ma nikto nevyvolí, vlastnou vinou ma postihne krutý osud
_cRachelle Dekkerová ; z anglického originálu The Choosing preložila Zuzana Venglíková
250 _aPrvé vydanie
264 1 _a[Spišské Hanušovce]
_bi527.net s.r.o.
_c2017
300 _a311 strán
_c21 cm
336 _atext
_btxt
_2rdacontent
337 _abez média
_bn
_2rdamedia
338 _azväzok
_bnc
_2rdacarrier
500 _aObsahuje biografické údaje o autorke
500 _aMiesto vydania podľa NA ISBN
500 _aZ externých zdrojov: 1. diel série Prorok
655 7 _aamerické romány
_2SNKPH
_92
655 7 _aAmerican fiction
_2SNKPHeng
_93
655 7 _afantazijné romány
_2SNKPH
_92291
655 7 _aFantasy novels
_2SNKPHeng
_92292
700 1 _aVengliková, Zuzana
_4trl
_93316
958 _aLX
958 _aUP